| 000 | 00434nam a22001697a 4500 | ||
|---|---|---|---|
| 003 | NUST - PNEC | ||
| 005 | 20170116181100.0 | ||
| 008 | 150928b xxu||||| |||| 00| 0 eng d | ||
| 020 | _a- | ||
| 040 | _cLIBRARY | ||
| 082 |
_2- _a940.53 RYA |
||
| 100 |
_911728 _a Ryan, Cornelius |
||
| 245 |
_aThe longest day _cCornelius Rayan |
||
| 260 | _cc.1959 | ||
| 650 |
_911729 _aBerlin, Battle of (Germany : 1945) _xGeneral |
||
| 942 |
_2ddc _cBK |
||
| 999 |
_c68741 _d68741 |
||